Countries With Same-Sex Marriage – Sudden Death - Statistics

General Stats
  • This quiz has been taken 69,516 times
    65,805 since last reset
  • The average score is 6 of 19
Answers on the Grid
Answers color-coded by a green-red scale on the quiz's grid according to % correct below.
Australia
Bhutan
Botswana
Brazil
Canada
China
Colombia
Costa Rica
Egypt
Estonia
Greece
Haiti
Honduras
India
Ireland
Israel
Italy
Japan
Mexico
Netherlands
New Zealand
Poland
Portugal
Saudi Arabia
South Africa
Spain
Switzerland
Taiwan
Thailand
Ukraine
United Kingdom
United States
 
Answer Stats
Answer % Correct
Australia
89%
Canada
78%
United Kingdom
44%
United States
43%
Ireland
40%
Netherlands
36%
New Zealand
32%
Spain
32%
Brazil
31%
Greece
30%
Switzerland
30%
Portugal
26%
Estonia
25%
Thailand
18%
Costa Rica
15%
South Africa
15%
Colombia
14%
Mexico
13%
Taiwan
13%
No matching quizzes found
Score Distribution
Percent of People with Each Score
Percentile by Number Answered
Your Score History
You have not taken this quiz since the last reset